Sports Quiz

Random Sports or NBA Quiz
Score 0/20 Timer 10:00
0 Plays Today
Question Answer Wrong Answers
Which player has had his jersey retired by the globetrotters Wilt Chamberlain
84.2%
Shaq
3%
MJ
10.9%
Bill Russell
2%
Which of these players have not recorded a quadruple double? Larry Bird
79.2%
David Robinson
4%
Hakeem Olajuwon
2%
Alvin Robertson
9.9%
Most technical fouls in one season Rasheed Wallace
61.4%
Ben Wallace
8.9%
Ron Artest
12.9%
Demarcus Cousins
13.9%
Which city has never had an NBA team? Louisville
55.4%
Providence
23.8%
Rochester
10.9%
Fort Wayne
9.9%
Which team won the NBA championship as a 6 seed? Rockets
54.5%
Sixers
5.9%
Pistons
26.7%
Bucks
7.9%
What player led the league in blocks per game in the 06-07 NBA season? Marcus Camby
49.5%
Josh Smith
5%
Tim Duncan
12.9%
Kevin Garnett
28.7%
Most minutes in a game by a single player (69 min) Dale Ellis
46.5%
Alex English
23.8%
David Thompson
20.8%
Larry Johnson
6.9%
Who won the 1981 finals MVP award? Cedric Maxwell
41.6%
Larry Bird
27.7%
Robert Parrish
13.9%
Kevin McHale
11.9%
Most FT’s made without a miss in the postseason Dirk
38.6%
MJ
31.7%
Paul pierce
20.8%
Dominique Wilkins
6.9%
Most 3 pointers attempted in a game by a player Klay Thompson
36.6%
J.R. Smith
24.8%
Kobe Bryant
30.7%
Damon Stoudamire
7.9%
Most FG attempts without a make in an NBA game Tim Hardaway
36.6%
Penny Hardaway
10.9%
J.R. Smith
35.6%
Tim Hardaway Jr
15.8%
Which of these players have not recorded the most points and steals in the same season? Russell Westbrook
32.7%
MJ
5%
Allen Iverson
5.9%
Steph Curry
51.5%
At what age did Arvydas Sabonis finally enter the NBA 31
30.7%
30
13.9%
29
23.8%
32
25.7%
As of December 13th, 2018 which team averages the fewest turnovers per game Hornets
29.7%
Warriors
18.8%
Celtics
27.7%
Mavericks
17.8%
Which team has Bill Russell never coached? Portland Trailblazers
28.7%
Boston Celtics
12.9%
Sacramento Kings
30.7%
Seattle SuperSonics
22.8%
What team is the only team to beat the Bill Russell led Celtics in the finals? Hawks
28.7%
Lakers
36.6%
Knicks
10.9%
Warriors
18.8%
Which player led the NBA in assists in the 09-10 NBA season? Steve Nash
20.8%
CP3
16.8%
Deron Williams
25.7%
Rajon Rondo
36.6%
Who holds the record for the most consecutive games with a field goal at 1,310 Tim Duncan
20.8%
Bill Russell
6.9%
Wilt Chamberlain
23.8%
Kareem Abdul-Jabbar
44.6%
Which Knicks player had a 30-20-10 triple double David Lee
14.9%
Patrick Ewing
45.5%
Walt Frazier
17.8%
Bernard King
16.8%
Most FT’s made in a quarter (16) Vince Carter
13.9%
T Mac
24.8%
Kobe
49.5%
MJ
9.9%
Remove Ads.
Support Sporcle.
Get the best of Sporcle when you Go Orange. This ad-free experience offers more features, more stats, and more fun while also helping to support Sporcle. Thank you for becoming a member.

You're not logged in!

Compare scores with friends on all Sporcle quizzes.
OR
Log In

Show Comments

Extras

Created Dec 14, 2018ReportNominate
Tags:NBA Quiz, goat, KOT4Q, toughest

Top Quizzes Today


Score Distribution

Your Account Isn't Verified!

In order to create a playlist on Sporcle, you need to verify the email address you used during registration. Go to your Sporcle Settings to finish the process.

Report this User

Report this user for behavior that violates our Community Guidelines.

Details: